000 00460nam a2200169 i 4500
001 31337
003 ES-MaACL
005 20251015063047.0
007 t|
008 030129s1920 fr ||||1| fre d
100 1 _aBenda, Julien,
_d1867-1956
_927470
245 1 0 _aDialogue d'Eleuthère /
_cJulien Benda.
260 _aParis :
_b[s.n.,
_c1920] (
_fImp. Chaix)
300 _a242 p. ;
_c19 cm.
852 _aES-MaACL
_jF-10066
999 _c31337
_d31337